000 00597nam a22002177a 4500
003 UA-OsUOA
001 44881
007 ta
008 20070319b un ||||| |||| 00| 0 ukr d
100 _aКолосов С.
090 _a32
_bК-11
942 _cSA
040 _aUA-OsUOA
_bukr
_cUA-OsUOA
_dUA-OsUOA
245 _aПорада реформаторам: замість роздержавлення - створити громадські друковані ЗМІ
300 _aС.3
955 _a0
041 _aukr
080 _a32
773 0 _w44880
650 7 _a32 Політика
_2UDC
999 _c330994
_d330994